01654nam a2200397Ia 4500001001200000003000800012006001900020007001500039008004100054020002600095020002300121040002100144035002100165050002300186082001900209100001900228245014000247260005800387300002400445490004100469504005100510533015200561610003900713610003300752610002000785650005800805650002700863650003700890650005300927651004300980655002901023710001701052830004201069856012601111999001901237ebr10428810CaPaEBRm u cr cn|||||||||100422s2010 enka sb 001 0 eng d z9781848853263 (cased) z1848853262 (cased) aCaPaEBRcCaPaEBR a(OCoLC)69837142014aJN30b.S449 2010eb04a351.4090452221 aSeidel, Katja.14aThe process of politics in Europeh[electronic resource] :bthe rise of European elites and supranational institutions /cKatja Seidel. aLondon ;aNew York :bTauris Academic Studies,c2010. axvi, 245 p. :bill.1 aLibrary of European studies ;vv. 14 aIncludes bibliographical references and index. aElectronic reproduction.bPalo Alto, Calif. :cebrary,d2011.nAvailable via World Wide Web.nAccess may be limited to ebrary affiliated libraries.20aEuropean Coal and Steel Community.20aEuropean Economic Community.20aEuropean Union. 0aPublic administrationzEuropexHistoryy20th century. 0aCivil servicezEurope. 0aElite (Social sciences)zEurope. 0aSupranationalismzEuropexHistoryy20th century. 0aEuropexPolitics and governmenty1945- 7aElectronic books.2local2 aebrary, Inc. 0aLibrary of European studies ;vv. 14.40uhttp://site.ebrary.com/lib/rucke/Doc?id=10428810zAn electronic book accessible through the World Wide Web; click to view c232584d232584